[Event "BLR-ch sf (Women)"]
[Site "Minsk"]
[Date "2023.12.07"]
[Round "1"]
[White "Hoika, Liubou"]
[Black "Sakun, Darya"]
[Result "0-1"]
[WhiteElo "1050"]
[BlackElo "1320"]
[PlyCount "80"]
[EventDate "2023.12.07"]
[EventType "swiss"]
[EventRounds "9"]
[EventCountry "BLR"]
[SourceTitle "CB51_2023"]
[SourceDate "2023.12.20"]
[SourceVersion "1"]
[SourceVersionDate "2023.12.20"]
[SourceQuality "1"]

1. e4 c5 2. Nf3 e6 3. d4 cxd4 4. Nxd4 Nf6 5. Nc3 Bb4 6. Bd3 Nc6 7. Nde2 d5 8. 0-0 d4 9. Na4 0-0 10. a3 Be7 11. b3 b6 12. Nb2 Bb7 13. f4 e5 14. Nc4 Qc7 15. f5 Rac8 16. Ng3 b5 17. Nd2 b4 18. a4 a5 19. Nh5 Nb8 20. Nxf6+ Bxf6 21. Qg4 Ba6 22. Nc4 Bxc4 23. Bxc4 Nd7 24. Bg5 Bxg5 25. Qxg5 Nf6 26. Bd3 h6 27. Qh4 Qc3 28. Rae1 Kh7 29. Re2 Nd7 30. g4 Nc5 31. Bc4 d3 32. cxd3 Nxb3 33. g5 Nd2 34. Bxf7 Nxf1 35. Kxf1 Qxd3 36. Bg6+ Kg8 37. Kf2 Qd4+ 38. Kg2 Rc1 39. gxh6 Rg1+ 40. Kf3 Rxg6 0-1

[Event "Wch U12 Girls blitz"]
[Site "Batumi"]
[Date "2023.06.11"]
[Round "8"]
[White "Akbari, Rosha"]
[Black "Sakun, Darya"]
[Result "1-0"]
[WhiteElo "1696"]
[BlackElo "1211"]
[PlyCount "137"]
[EventDate "2023.06.10"]
[EventType "swiss (blitz)"]
[EventRounds "11"]
[EventCountry "GEO"]
[SourceTitle "EXT 2024"]
[Source "ChessBase"]
[SourceDate "2023.10.10"]
[SourceVersion "1"]
[SourceVersionDate "2023.10.10"]
[SourceQuality "1"]
[WhiteTeam "Iran"]
[BlackTeam "FIDE"]
[WhiteTeamCountry "IRI"]

1. e4 c5 2. Nf3 Nc6 3. d4 cxd4 4. Nxd4 Nf6 5. Nc3 e5 6. Ndb5 d6 7. Bg5 a6 8. Na3 b5 9. Nd5 Be7 10. Bxf6 gxf6 11. Bd3 Rg8 12. g3 Be6 13. c3 Bg4 14. Qd2 Bf3 15. Rg1 f5 16. Nxe7 Nxe7 17. exf5 e4 18. Be2 Nxf5 19. Bxf3 exf3 20. 0-0-0 Rc8 21. Rge1+ Kf8 22. Nc2 a5 23. Nd4 Nxd4 24. Qxd4 Rg6 25. Re3 b4 26. Rde1 bxc3 27. bxc3 Qc7 28. Kc2 Qd7 29. Qh8+ Rg8 30. Qd4 Qf5+ 31. Kc1 Qd7 32. Rxf3 Rb8 33. Rd1 Rg6 34. Rfd3 Qe7 35. Re3 Qb7 36. Kd2 Qb2+ 37. Ke1 Qb7 38. f3 Qd7 39. Qh8+ Rg8 40. Qxh7 Re8 41. Qh6+ Rg7 42. Qxd6+ Qxd6 43. Rxe8+ Kxe8 44. Rxd6 Ke7 45. Rd5 Rh7 46. h4 Rg7 47. Kf2 Ke6 48. Rxa5 f5 49. h5 Rh7 50. g4 fxg4 51. fxg4 Rc7 52. h6 Kf7 53. Rh5 Kg8 54. a4 Rxc3 55. a5 Rc6 56. Ke3 Kh7 57. Kd4 Rg6 58. g5 Ra6 59. Kc4 Rxa5 60. g6+ Kxg6 61. Rxa5 Kxh6 62. Kd4 Kg7 63. Ke5 Kf7 64. Ra7+ Ke8 65. Kd6 Kf8 66. Ke6 Kg8 67. Kf6 Kh8 68. Kg6 Kg8 69. Ra8# 1-0

[Event "Wch U12 Girls blitz"]
[Site "Batumi"]
[Date "2023.06.10"]
[Round "5"]
[White "Sakun, Darya"]
[Black "Shimanskaia, Tatiana"]
[Result "1-0"]
[WhiteElo "1211"]
[BlackElo "1418"]
[PlyCount "67"]
[EventDate "2023.06.10"]
[EventType "swiss (blitz)"]
[EventRounds "11"]
[EventCountry "GEO"]
[SourceTitle "EXT 2024"]
[Source "ChessBase"]
[SourceDate "2023.10.10"]
[SourceVersion "1"]
[SourceVersionDate "2023.10.10"]
[SourceQuality "1"]
[WhiteTeam "FIDE"]
[BlackTeam "Russia"]
[BlackTeamCountry "RUS"]

1. c4 Nf6 2. Nc3 d5 3. cxd5 Nxd5 4. g3 g6 5. Bg2 Nxc3 6. bxc3 Bg7 7. d4 0-0 8. Nf3 c5 9. 0-0 Nc6 10. e3 Qc7 11. Ba3 cxd4 12. cxd4 Re8 13. Rc1 Qa5 14. Qb3 Qa6 15. Rfd1 Bg4 16. h3 Bf5 17. g4 Be4 18. Ne5 Bxg2 19. Nxf7 e6 20. Nd6 Bd5 21. Qb2 Bf3 22. Nxe8 Bxd1 23. Nc7 Qd3 24. Nxa8 e5 25. Qxb7 Qd2 26. Qxc6 Qe1+ 27. Kg2 h6 28. Qc3 Qe2 29. Qc4+ Qxc4 30. Rxc4 e4 31. Rc8+ Kh7 32. Rc7 Bf3+ 33. Kg1 Kg8 34. Rxa7 1-0

[Event "Wch U12 Girls rapid"]
[Site "Batumi"]
[Date "2023.06.08"]
[Round "8"]
[White "Gulishyan, Eseniya"]
[Black "Sakun, Darya"]
[Result "0-1"]
[WhiteElo "1269"]
[BlackElo "1174"]
[PlyCount "82"]
[EventDate "2023.06.06"]
[EventType "swiss (rapid)"]
[EventRounds "11"]
[EventCountry "GEO"]
[SourceTitle "EXT 2024"]
[Source "ChessBase"]
[SourceDate "2023.10.10"]
[SourceVersion "1"]
[SourceVersionDate "2023.10.10"]
[SourceQuality "1"]
[WhiteTeam "FIDE"]
[BlackTeam "FIDE"]

1. f4 d5 2. Nf3 Nf6 3. e3 Bg4 4. d4 e6 5. Bd3 Nbd7 6. Nbd2 Be7 7. 0-0 0-0 8. Qe1 c5 9. c3 c4 10. Bc2 Bxf3 11. Nxf3 b5 12. a3 a5 13. Ne5 Qb6 14. Qh4 Qd6 15. g4 Ne4 16. g5 f5 17. Rf3 h6 18. Bxe4 dxe4 19. Rh3 Nxe5 20. fxe5 Qd7 21. Qh5 Bxg5 22. Rg3 Qf7 23. Qh3 b4 24. Qg2 Qh5 25. Bd2 Rab8 26. axb4 axb4 27. cxb4 Ra8 28. Rf1 Ra2 29. Rb1 Rfa8 30. Bc3 Ra1 31. Rf1 Rxf1+ 32. Qxf1 Bh4 33. Rg2 Bg5 34. Qe1 Qh3 35. Rg3 Qh4 36. Kh1 Qh5 37. Qf2 Bh4 38. Rh3 Bxf2 39. Rxh5 Bxe3 40. Rh3 Ra1+ 41. Kg2 Rg1# 0-1

[Event "Wch U12 Girls rapid"]
[Site "Batumi"]
[Date "2023.06.06"]
[Round "1"]
[White "Sakun, Darya"]
[Black "Aydogan, Arya"]
[Result "0-1"]
[WhiteElo "1174"]
[BlackElo "1452"]
[PlyCount "53"]
[EventDate "2023.06.06"]
[EventType "swiss (rapid)"]
[EventRounds "11"]
[EventCountry "GEO"]
[SourceTitle "EXT 2024"]
[Source "ChessBase"]
[SourceDate "2023.10.10"]
[SourceVersion "1"]
[SourceVersionDate "2023.10.10"]
[SourceQuality "1"]
[WhiteTeam "FIDE"]
[BlackTeam "Turkey"]
[BlackTeamCountry "TUR"]

1. c4 e6 2. Nc3 d5 3. cxd5 exd5 4. d4 c6 5. g3 Bd6 6. Bg2 Ne7 7. Nf3 Bf5 8. 0-0 Nd7 9. Re1 0-0 10. e4 dxe4 11. Nxe4 Bxe4 12. Rxe4 Nf6 13. Re2 Ned5 14. Qb3 Qb6 15. Qxb6 axb6 16. Ne5 Rfe8 17. b3 Nd7 18. Bb2 f6 19. Bh3 Nxe5 20. dxe5 Bxe5 21. Bxe5 Rxe5 22. Rxe5 fxe5 23. a4 Kf7 24. Re1 Kf6 25. Re4 Rd8 26. Kg2 g5 27. Re1 0-1